El Mercosur : perspectivas de un bloque emergente /

Guardado en:
Autor Corporativo: Instituto de Relaciones Europeo-Latinoamericanas
Formato: Libro
Idioma:Spanish
Publicado: Madrid : IRELA, 1997.
Series:Dossier ; no. 61
Materias:
Etiquetas: Agregar Etiqueta
Sin Etiquetas, Sea el primero en etiquetar este registro!
LEADER 00693nam a22002055a 4500
001 EUN.um069155
003 AR-BaUNS
005 20050623122932.0
008 041125s1997####sp#a##########000#0#spa#d
245 1 3 |a El Mercosur :  |b perspectivas de un bloque emergente /  |c Instituto de Relaciones Europeo-Latinoamericanas. 
260 |a Madrid :  |b IRELA,  |c 1997. 
300 |a 66 p. :  |b il. ;  |c 29,5 cm. . 
490 0 |a Dossier ; no. 61 
082 0 4 |a 338.98 
653 |a Integracion economica 
653 |a Uniones economicas 
653 |a Mercosur 
653 |a America latina 
110 2 |a Instituto de Relaciones Europeo-Latinoamericanas  |c Madrid. 
859 |a Ar-BaUNS  |b BIB. CENTRAL - Sector A  |h 338.98  |i In7-1  |p 113050/002